000 01062nac a22002777a 4500
001 BR7406622
003 BR-BrBNA
005 20240105113823.0
008 230509b bl.|||m| |||| 00| 0 por d
040 _aBR-BrBNA
_bpor
_cBiblioteca Nacional de Agricultura
072 _aE30; E15
090 _aE30 BR7406622
110 1 _aAssociacao de Credito e Assistencia Rural do Estado do Rio de Janeiro, Niteroi (Brasil)
_9497
245 1 _aPlano estadual para aplicacao de credito rural 1974/1975 [Associacao de Credito e Assistencia Rural do Estado do Rio de Janeiro, Brasil]
260 3 _aNiteroi, RJ (Brasil):
_c1974.
300 _a72 p.
490 _aPlano Estadual para Aplicacao de Credito Rural - Associacao de Credito e Assistencia Rural do Estado do Rio de Janeiro (Brazil)
_v
_x
650 _aDESENVOLVIMENTO AGRICOLA
650 _aASSISTENCIA TECNICA
650 _aCREDITO RURAL
650 _aPLANEJAMENTO AGRICOLA
650 _aDIRETRIZ
650 _aRIO DE JANEIRO
909 _a202312
_bLúcia Elande
_c55
_dLúcia Elande
942 _2AGRIS
_n0
_cMS
999 _c265759
_d265759